000 00396cam a22001334a 4500
020 _a0324134754
050 0 0 _aHG4751
_b.S73
100 1 _aStancill, James McN.
_d1932-
245 1 0 _aEntrepreneurial finance :
_bfor new and emerging businesses /
_cJames McNeill Stancill.
260 _aMason, Ohio :
_bThomson/South-Western,
_cc2004.
300 _axxxvii, 442 p. :
650 0 _xFinance.
942 _cGEN
999 _c3038
_d3038